Online
Catalog

Ensayos de sociología dominicana / (Record no. 21831)

MARC details
000 -CABECERA
campo de control de longitud fija 02686nam a2200289 a 4500
001 - NÚMERO DE CONTROL
campo de control 000022333
003 - IDENTIFICADOR DEL NÚMERO DE CONTROL
campo de control DO-SdBNP
005 - FECHA Y HORA DE LA ÚLTIMA TRANSACCIÓN
campo de control 20250621074006.0
008 - DATOS DE LONGITUD FIJA--INFORMACIÓN GENERAL
campo de control de longitud fija 090331s1984 dr 000 0 spa d
040 ## - FUENTE DE LA CATALOGACIÓN
Centro catalogador/agencia de origen DO-SdBNP
Lengua de catalogación spa
Centro/agencia transcriptor BNPHU
082 ## - NÚMERO DE LA CLASIFICACIÓN DECIMAL DEWEY
Número de clasificación 301
Número de documento/Ítem C352e, 1984
100 1# - ENTRADA PRINCIPAL--NOMBRE DE PERSONA
Nombre de persona Castillo, José del
9 (RLIN) 2145
245 10 - MENCIÓN DE TÍTULO
Título Ensayos de sociología dominicana /
Mención de responsabilidad, etc. José del Castillo.
250 ## - MENCIÓN DE EDICIÓN
Mención de edición 2a ed.
260 ## - PUBLICACIÓN, DISTRIBUCIÓN, ETC.
Lugar de publicación, distribución, etc. Santo Domingo :
Nombre del editor, distribuidor, etc. Taller,
Fecha de publicación, distribución, etc. 1984.
300 ## - DESCRIPCIÓN FÍSICA
Extensión 210 p. ;
Dimensiones 21cm.
490 10 - MENCIÓN DE SERIE
Mención de serie Biblioteca Taller
Designación de volumen o secuencia 164
505 0# - NOTA DE CONTENIDO CON FORMATO
Nota de contenido con formato Dedicatoria Reconocimiento -- Prólogo -- Política-- Elecciones -- El comportamiento electoral dominicano -- Elecciones del 62 : entre conservación y reforma -- Elecciones del 66 : entre la guerra y la paz -- El fantasma de la reelección -- La antesala agraria de la reelección -- El desacuerdo del acuerdo -- Atrapado por los cambios -- El desgaste del modelo -- La viabilidad del cambio -- BALAGUER Autorretrato hablado de Joaquin Balaguer -- Balaguer y el autoritarismo corporativo -- PRD PRD : conflicto de élites y carismas -- El problema del carisma -- Alianzas políticas y escisión del PRD -- El caso del PRD en el contexto latinoamericano -- PARTIDOS Las tendencias centrífugas de la política dominicana -- SINDICATOS La atomización del movimiento sindical -- El empresario a la palestra -- Sociedad -- Braceros -- El problema de los braceros : orígenes -- Nuestra dependencia del bracero haitiano -- La paradoja d ela zafra -- El factor humano en la caña -- Las lecciones del corte tradicional modificado -- El habitat del bracer -- La dominicanización de la zafra -- Cambios sociales -- La velocidad del cambio -- La explosión urbana -- Prejuicio racial
505 0# - NOTA DE CONTENIDO CON FORMATO
Nota de contenido con formato La frontera invisible del prejuicio --Dominicanos ausentes -- Parámetros presentes de los dominicanos ausentes -- Los dominicanos ausentes y el derecho al voto -- Historia --Imigraciones -- El sueño dorado de las migraciones blancas -- Hostos y la panacea migratoria -- La inmigración amarilla -- Imágenes dominicanas del haitiano -- La inmigración haitiana : orígenes -- Demografía de la inmigración haitiana -- Meriño -- Meriño y el pensamiento conservador dominicano -- El sacerdote se calza de botas -- Comunicación y política -- El telégrafo maquiavélico -- Trabao y ocio -- Nuestra proverbial haraganería.
590 ## - NOTA LOCAL (RLIN)
Nota local Inventariado, 2018/VM
600 10 - PUNTO DE ACCESO ADICIONAL DE MATERIA--NOMBRE DE PERSONA
Nombre de persona Balaguer, Joaquín,
Fechas asociadas al nombre 1906-2002
9 (RLIN) 76556
651 14 - PUNTO DE ACCESO ADICIONAL DE MATERIA--NOMBRE GEOGRÁFICO
Nombre geográfico República Dominicana
Subdivisión general Condiciones sociales
9 (RLIN) 46
651 10 - PUNTO DE ACCESO ADICIONAL DE MATERIA--NOMBRE GEOGRÁFICO
Nombre geográfico República Dominicana
Subdivisión general Política y gobierno
9 (RLIN) 45
830 #0 - PUNTO DE ACCESO ADICIONAL DE SERIE-TÍTULO UNIFORME
Título uniforme Biblioteca Taller
Número de parte o sección de la obra 164
9 (RLIN) 46092
910 ## - DATOS DE OPCIÓN DEL USUARIO (OCLC)
Datos de opción del usuario Validado. Control de calidad MFF
942 ## - ELEMENTOS DE PUNTO DE ACCESO ADICIONAL (KOHA)
Fuente del sistema de clasificación o colocación Dewey Decimal Classification
Tipo de ítem Koha Libro
Holdings
Estado de retiro Estado de pérdida Fuente del sistema de clasificación o colocación Restricciones de uso No para préstamo Código de colección Localización permanente Ubicación/localización actual Ubicación en estantería Fecha de adquisición Fuente de adquisición Signatura topográfica completa Código de barras Fecha visto por última vez Precio válido a partir de Tipo de ítem Koha Nota pública Número de copia
    Dewey Decimal Classification Excluido de préstamo   Patrimonio Dominicano Biblioteca Nacional Pedro Henríquez Ureña Biblioteca Nacional Pedro Henríquez Ureña En catalogación 27.09.2010 Donación BNPHU PD 301 C352e 1984 22333-10 25.06.2020 25.06.2020 Libro Perteneció a la biblioteca personal de la familia Reyes Duluc.  
    Dewey Decimal Classification Excluido de préstamo   Patrimonio Dominicano Biblioteca Nacional Pedro Henríquez Ureña Biblioteca Nacional Pedro Henríquez Ureña Depósito 28.01.2015   BNPHU PD 301 C352e, 1984 22333-20 25.06.2020 25.06.2020 Libro   e. 2

Powered by Koha